Składy zwycięzców Ligi Mistrzów - 1995/96 - Statystyki

Ogólne statystyki
  • Ten quiz został rozwiązany 22 razy
  • Średni wynik to 5 z 14
Statystyki odpowiedzi
Numer Pozycja Narodowość Piłkarz % Poprawnych
10 LS Włochy Alessandro Del Piero
84%
6 ŚP Portugalia Paulo Sousa
79%
1 BR Włochy Angelo Peruzzi
47%
7 ŚP Francja Didier Deschamps
47%
2 ŚO Włochy Ciro Ferrara
37%
11 PS Włochy Fabrizio Ravanelli
37%
9 N Włochy Gianluca Vialli
37%
22 LO Włochy Gianluca Pessotto
32%
15 rez. Włochy Angelo Di Livio
26%
8 ŚP Włochy Antonio Conte
26%
4 PO Włochy Moreno Torricelli
26%
14 rez. Serbia Vladimir Jugović
21%
20 ŚO Włochy Pietro Vierchowod
11%
16 rez. Włochy Michele Padovano
5%
Nie znaleziono quizów pasujących do podanych kryteriów
Rozkład punktacji
Procent ludzi z każdym wynikiem
Percentyl według liczby udzielonych odpowiedzi
Twoja historia wyników
Nie rozwiązałeś tego quizu